=LDR 00000nam 2200000 4500 =001 NUTBA000000000005842 =005 20240401102630 =035 ##$$a 0010-111400000000321 =008 240401###########################0###### =020 ##$$a 978.602.7843.06-6 =040 ##$$a NBPDMAT =082 ##$$a 028.5 =090 ##$$a 028.5 Wen a =100 ##$$a Weni Rahayu =245 1#$$a Aku tahu serangga /$c Weni Rahayu; editor Laila Febrina =260 ##$$a Jakarta :$b Mediantara Semesta,$c 2013 =300 ##$$a iv, 11 hlm : $b ilus ; $c 17 cm =500 ##$$a Bibliografi hlm : 11 =650 #4$$a Bacaan Kanak-kanak =700 #$$a Laila Febrina =850 ##$$a NBPDMAT =084 ##$$a 028.5 WEN a =990 ##$$a 21415627 =990 ##$$a 21415628 =990 ##$$a 21415629 =990 ##$$a 21415630 =990 ##$$a 21415631